[Event "Wch U12 Girls"]
[White "Berikkyzy, Aiaru"]
[Black "Munkhpurev, Margad"]
[Site "Sharm El Sheikh"]
[Round "8"]
[Result "0-1"]
[Date "2023.10.23"]
[WhiteElo "1427"]
[BlackElo "1669"]
[PlyCount "76"]
[EventDate "2023.10.16"]
[EventType "swiss"]
[EventRounds "11"]
[EventCountry "EGY"]
[SourceTitle "EXT 2025"]
[Source "ChessBase"]
[SourceDate "2024.10.14"]
[SourceVersion "1"]
[SourceVersionDate "2024.10.14"]
[SourceQuality "1"]

1. e4 e6 2. d4 d5 3. Nc3 Bb4 4. e5 c5 5. a3 Bxc3+ 6. bxc3 Qc7 7. Qg4 Ne7 8. Qxg7 Rg8 9. Qxh7 cxd4 10. f4 Qxc3+ 11. Kd1 Qxa1 12. h4 Nd7 13. Ne2 Nf8 14. Qd3 Nf5 15. Qb3 Ne3+ 16. Kd2 Bd7 17. c3 Nc4+ 18. Kc2 d3+ 19. Kxd3 Nb6 20. Ke3 Ba4 21. Qb4 Qa2 22. Nd4 Rg3+ 23. Nf3 d4+ 24. Ke4 Bc2+ 25. Kxd4 Rd8+ 26. Ke3 Nd5+ 27. Kf2 Rxf3+ 28. Kxf3 Nxb4 29. axb4 Bd1+ 30. Kg3 Qc2 31. Bb5+ Nd7 32. Be3 Qxc3 33. Kf2 Qxb4 34. Bd3 Nxe5 35. fxe5 Rxd3 36. Bxa7 Rd2+ 37. Kg1 Qe4 38. Bf2 Qe2 0-1

[Event "Wch U12 Girls blitz"]
[White "Beber, Anja"]
[Black "Berikkyzy, Aiaru"]
[Site "Batumi"]
[Round "8"]
[Result "1-0"]
[Date "2023.06.11"]
[WhiteElo "1529"]
[BlackElo "1375"]
[PlyCount "247"]
[EventDate "2023.06.10"]
[EventType "swiss (blitz)"]
[EventRounds "11"]
[EventCountry "GEO"]
[SourceTitle "EXT 2024"]
[Source "ChessBase"]
[SourceDate "2023.10.10"]
[SourceVersion "1"]
[SourceVersionDate "2023.10.10"]
[SourceQuality "1"]
[WhiteTeam "Slovenia"]
[BlackTeam "Kazakhstan"]
[WhiteTeamCountry "SLO"]
[BlackTeamCountry "KAZ"]

1. Nf3 d5 2. c4 c5 3. g3 Nc6 4. Bg2 Nf6 5. cxd5 Nxd5 6. 0-0 Be6 7. b3 g6 8. Bb2 Nf6 9. Nc3 Bg7 10. Rc1 0-0 11. Na4 b6 12. Ne5 Nxe5 13. Bxe5 Rc8 14. Bb7 Bh3 15. Bxc8 Bxf1 16. Qxf1 Qxc8 17. Qg2 Qd7 18. d3 Nd5 19. Bxg7 Kxg7 20. Qe4 Kg8 21. d4 Nf6 22. Qe3 cxd4 23. Qd3 e5 24. f3 Rc8 25. Rd1 Nd5 26. Nb2 Ne3 27. Qxe3 dxe3 28. Rxd7 Rc1+ 29. Kg2 Rc2 30. Nc4 Rxe2+ 31. Kh3 Rxa2 32. Nxe3 Ra3 33. Rd3 Kg7 34. Nc4 Ra1 35. Nxe5 Kf6 36. Nc4 Kg7 37. Rd7 Kf6 38. Rd3 Kg7 39. f4 b5 40. Ne5 Kf6 41. Rd7 Ke6 42. Rxf7 g5 43. Rxh7 gxf4 44. gxf4 a5 45. Rb7 a4 46. Rxb5 a3 47. Nc4 a2 48. Ra5 Kd7 49. f5 Ke7 50. Kh4 Kf6 51. h3 Rb1 52. Rxa2 Rxb3 53. Ra4 Kxf5 54. Nd6+ Ke5 55. Nf7+ Kf6 56. Ng5 Kg6 57. Ra6+ Kg7 58. Kh5 Rb5 59. h4 Rb4 60. Ra5 Rc4 61. Nf3 Kf6 62. Ne5 Re4 63. Ng4+ Ke6 64. Rg5 Kf7 65. Kh6 Re6+ 66. Kh5 Re4 67. Nh6+ Kf6 68. Ng8+ Kf7 69. Nh6+ Kf6 70. Ng4+ Kf7 71. Rg6 Rd4 72. Kh6 Rd1 73. h5 Rh1 74. Ne5+ Ke7 75. Rg5 Kf6 76. Ng6 Kf7 77. Ra5 Kf6 78. Kh7 Ke6 79. h6 Kf6 80. Ra7 Kg5 81. Ra5+ Kf6 82. Nf4 Rh2 83. Ng6 Rh1 84. Nf8 Rh2 85. Ra6+ Kf5 86. Kh8 Kg5 87. h7 Rf2 88. Nd7 Rd2 89. Ra7 Re2 90. Ra8 Kg6 91. Kg8 Rh2 92. h8Q Rxh8+ 93. Kxh8 Kf7 94. Ne5+ Ke6 95. Nc4 Kd5 96. Nd2 Kd4 97. Kg7 Kd3 98. Kf6 Kxd2 99. Ke5 Kc3 100. Kd5 Kb4 101. Kc6 Kb3 102. Kc5 Kc2 103. Kc4 Kd2 104. Kd4 Ke2 105. Ra3 Kf2 106. Ke4 Kg2 107. Kf4 Kh2 108. Kg4 Kg2 109. Ra2+ Kf1 110. Kf3 Ke1 111. Ke3 Kd1 112. Kd3 Kc1 113. Kc3 Kd1 114. Rd2+ Ke1 115. Kd3 Kf1 116. Ke3 Ke1 117. Kd3 Kf1 118. Re2 Kg1 119. Ke3 Kf1 120. Kf3 Kg1 121. Rf2 Kh1 122. Kg3 Kg1 123. Rf5 Kh1 124. Rf1# 1-0

[Event "Wch U12 Girls blitz"]
[White "Tavakalyan, Ani"]
[Black "Berikkyzy, Aiaru"]
[Site "Batumi"]
[Round "10"]
[Result "0-1"]
[Date "2023.06.11"]
[WhiteElo "1128"]
[BlackElo "1375"]
[PlyCount "64"]
[EventDate "2023.06.10"]
[EventType "swiss (blitz)"]
[EventRounds "11"]
[EventCountry "GEO"]
[SourceTitle "EXT 2024"]
[Source "ChessBase"]
[SourceDate "2023.10.10"]
[SourceVersion "1"]
[SourceVersionDate "2023.10.10"]
[SourceQuality "1"]
[WhiteTeam "Armenia"]
[BlackTeam "Kazakhstan"]
[WhiteTeamCountry "ARM"]
[BlackTeamCountry "KAZ"]

1. e4 c6 2. d4 d5 3. exd5 cxd5 4. Nc3 Nc6 5. Nf3 Nf6 6. Bf4 a6 7. Be2 Bf5 8. 0-0 e6 9. Re1 Be7 10. a4 0-0 11. Nh4 Bg6 12. Nxg6 hxg6 13. Bg3 Qb6 14. Be5 Qxb2 15. Qd3 Nxe5 16. dxe5 Bb4 17. exf6 Qxc3 18. fxg7 Kxg7 19. Reb1 Qxd3 20. Bxd3 a5 21. c3 Bxc3 22. Ra2 Bb4 23. Rc2 Rfc8 24. Re2 Rc3 25. Bb5 Rac8 26. h3 Rc1+ 27. Rxc1 Rxc1+ 28. Re1 Rxe1+ 29. Kh2 d4 30. Kg3 Rd1 31. Be2 Rd2 32. Bf3 b6 0-1

[Event "Wch U12 Girls rapid"]
[White "Berikkyzy, Aiaru"]
[Black "Gulishyan, Eseniya"]
[Site "Batumi"]
[Round "7"]
[Result "0-1"]
[Date "2023.06.07"]
[WhiteElo "1404"]
[BlackElo "1269"]
[PlyCount "122"]
[EventDate "2023.06.06"]
[EventType "swiss (rapid)"]
[EventRounds "11"]
[EventCountry "GEO"]
[SourceTitle "EXT 2024"]
[Source "ChessBase"]
[SourceDate "2023.10.10"]
[SourceVersion "1"]
[SourceVersionDate "2023.10.10"]
[SourceQuality "1"]
[WhiteTeam "Kazakhstan"]
[BlackTeam "FIDE"]
[WhiteTeamCountry "KAZ"]

1. e4 d5 2. exd5 Qxd5 3. Nc3 Qd6 4. d4 c6 5. Nf3 Nf6 6. Be2 Bg4 7. 0-0 Nbd7 8. h3 Bh5 9. Be3 e6 10. Qd2 Qc7 11. Ng5 Bg6 12. Bd3 Be7 13. Bf4 Bd6 14. Bxd6 Qxd6 15. Bxg6 hxg6 16. Nge4 Qc7 17. Rae1 Ng4 18. Ng3 Ngf6 19. Nce4 0-0-0 20. Qb4 Nd5 21. Qa3 Kb8 22. c4 N5f6 23. Nd6 Nf8 24. c5 Rh4 25. Re3 Rxd4 26. Rb3 R8xd6 27. cxd6 Rxd6 28. Rc1 N8d7 29. Qb4 Nb6 30. Qh4 Qd7 31. Kh2 Rd4 32. Qh8+ Ne8 33. Qf8 Kc8 34. Rf3 f6 35. Qa3 Kb8 36. Qb3 Nd6 37. Ne2 Rd5 38. Nf4 Re5 39. Nxg6 Re2 40. Nf4 Re5 41. Nd3 Rb5 42. Qc2 Rd5 43. Qe2 Nf5 44. Nc5 Qd6+ 45. g3 Rxc5 46. Rxc5 Qxc5 47. Qxe6 Nd4 48. Qe8+ Kc7 49. Qf7+ Nd7 50. Re3 Qc2 51. Re7 Qxf2+ 52. Kh1 Qf3+ 53. Kh2 Qf2+ 54. Kh1 Qf5 55. g4 Qf1+ 56. Kh2 Qf2+ 57. Kh1 Qf1+ 58. Kh2 Qf4+ 59. Kh1 Qd6 60. Re1 Nf3 61. Rf1 Qh2# 0-1

[Event "Wch U10 Girls"]
[White "Tolmaceva, Alona"]
[Black "Berikkyzy, Aiaru"]
[Site "Batumi"]
[Round "10"]
[Result "0-1"]
[Date "2022.09.26"]
[WhiteElo "1310"]
[BlackElo "1152"]
[PlyCount "104"]
[EventDate "2022.09.16"]
[EventType "swiss"]
[EventRounds "11"]
[EventCountry "GEO"]
[SourceTitle "EXT 2023"]
[Source "ChessBase"]
[SourceDate "2022.10.05"]
[SourceVersion "1"]
[SourceVersionDate "2022.10.05"]
[SourceQuality "1"]

1. e4 e5 2. Nf3 Nc6 3. d4 exd4 4. Nxd4 Bc5 5. Nb3 Bb6 6. Nc3 Nf6 7. Qe2 0-0 8. Bg5 Nd4 9. Qd3 Nxb3 10. cxb3 h6 11. Bh4 Re8 12. 0-0-0 c6 13. Kb1 Bc5 14. f4 Be7 15. Bxf6 Bxf6 16. e5 Be7 17. Ne4 d5 18. exd6 Bf5 19. d7 Rf8 20. Nf6+ Bxf6 21. Qxf5 Qc7 22. Bd3 Rfd8 23. Qh7+ Kf8 24. Qh8+ Ke7 25. Rhe1+ Kd6 26. b4 Qb6 27. Qh7 Qxb4 28. Bc4+ Kc7 29. Qc2 Rxd7 30. Rxd7+ Kxd7 31. Re2 Kc7 32. Bxf7 Qxf4 33. Qd2 Qxh2 34. Qa5+ b6 35. Qe1 Qd6 36. Rd2 Qe5 37. Re2 Qf5+ 38. Rc2 Rd8 39. Be8 Rd6 40. Qg3 Be5 41. Qe1 Re6 42. Qd1 Rxe8 43. Qd2 Rd8 44. Qe1 Bf6 45. Qg3+ Kb7 46. Qe1 Rd7 47. Qh1 Rd2 48. Qc1 Rxc2 49. Qxc2 Qxc2+ 50. Kxc2 Kc7 51. b4 Kd6 52. Kd3 Ke5 0-1